000 00837nam a22002537a 4500
999 _c129644
_d129644
003 0
005 20210906111416.0
008 0
010 _aB-098889 ENG-127497 ENG-129828
020 _c295.00
_a8187649372
035 _aB-098889, B-098894, EN-111026 EN-113360
037 _bCen Lib/Ret
040 _aDPL
_bEN
_c0
082 _aS
_bHAS
100 _aHasan Manzar
_926997
245 _aThe end of human history :
_cby Hasan Manzar; edited by Muhammad Umar Memon
_bstories /
260 _bKatha
_aNew Delhi
_c2002
270 _aA-3, Sarvodaya Enclave, Sri Aurobindo Marg
_bNew Delhi
_e110017
300 _a299p.
_c20cm(pbk)
650 _aManẓar, Ḥasan, -- 1934
_926998
650 _aManẓar, Ḥasan, -- 1934- -- Translations into English
_926999
700 _aMemon, Muhammad Umar
_927000
942 _2ddc
_cEN
_hS
_mHAS